| 000 | 00000nas 2200000za 4500 |
| 001 | 9.504983 |
| 003 | CaOODSP |
| 005 | 20200325083856 |
| 007 | cr ||||||||||| |
| 008 | 150406d20052006xxc|| m o||||f| |0eng|d |
| 040 | |aCaOODSP|beng |
| 043 | |an-cn--- |
| 086 | 1 |aH81-1E-PDF |
| 110 | 1 |aCanada. |bPatented Medicine Prices Review Board. |
| 245 | 10|aNational Prescription Drug Utilization Information System - analytical study series |h[electronic resource] |
| 260 | |aOttawa - Ontario : |bPatented Medicine Prices Review Board |
| 310 | |aIrregular |
| 690 | 07|aPrescription drugs|2gcpds |
| 775 | 08|tSystème national d'information sur l'utilisation des médicaments prescrits - série d'études analytiques |w(CaOODSP)9.501382 |